000 00459nab a22001457 4500
003 ES-SlBCS
005 20240926131713.0
008 240926s2024 sp ||||| |||| 00| 0 spa d
040 _aES-SlBCS
_bspa
041 _aspa
100 1 _aBéthune, Pierre-François de
_911097
245 1 3 _aLa oración cristiana de un practicante del zen.
_cPierre-FranQois de Béthune
773 0 _gNúm. 407, 2024, págs. 125-134
_tConcilium
_wRev134
_x0210-1041
942 _2lcc
_cAR
999 _c897996
_d897996